Sind diese Flaggen in diesen Kontinent? - Statistiken

Allgemein
  • Dieses Quiz wurde 146 mal gespielt
  • Das Durchschnittsergebnis liegt bei 89 aus 108
Antwortstatistiken
Frage Kachel Select % Korrekt
Europäische Flaggen Nein
100%
Europäische Flaggen Nein
100%
Europäische Flaggen Ja
100%
Europäische Flaggen Nein
99%
Europäische Flaggen Ja
98%
Europäische Flaggen Ja
98%
Europäische Flaggen Ja
98%
Europäische Flaggen Nein
97%
Europäische Flaggen Ja
96%
Non Europäische Länder Nein
94%
Non Europäische Länder Ja
94%
Afrikanische Länder Nein
94%
Afrikanische Länder Ja
94%
Afrikanische Länder Nein
94%
Non Europäische Länder Ja
93%
Non Europäische Länder Nein
93%
Nordamerikanische Länder Nein
93%
Non Europäische Länder Nein
92%
Non Afrikanische Länder Nein
92%
Nordamerikanische Länder Nein
92%
Nordamerikanische Länder Nein
92%
Non Europäische Länder Ja
91%
Non Europäische Länder Nein
91%
Afrikanische Länder Ja
91%
Non Afrikanische Länder Ja
91%
Nordamerikanische Länder Ja
91%
Non Europäische Länder Ja
90%
Afrikanische Länder Nein
90%
Afrikanische Länder Nein
90%
Non Afrikanische Länder Ja
90%
Nordamerikanische Länder Nein
90%
Non Nordamerikanische Länder Ja
90%
Non Nordamerikanische Länder Ja
89%
Non Nordamerikanische Länder Ja
89%
Südamerikanische Länder Nein
89%
Non Südamerikanische Länder Ja
88%
Südamerikanische Länder Ja
87%
Non Südamerikanische Länder Ja
87%
Asiatische Länder Nein
87%
Asiatische Länder Nein
87%
Non Afrikanische Länder Nein
86%
Non Afrikanische Länder Nein
86%
Nordamerikanische Länder Ja
86%
Non Nordamerikanische Länder Ja
86%
Non Nordamerikanische Länder Nein
86%
Non Nordamerikanische Länder Nein
86%
Südamerikanische Länder Nein
86%
Südamerikanische Länder Nein
86%
Non Südamerikanische Länder Nein
86%
Non Südamerikanische Länder Nein
86%
Non Südamerikanische Länder Nein
86%
Non Südamerikanische Länder Ja
86%
Non Nordamerikanische Länder Nein
85%
Non Nordamerikanische Länder Ja
85%
Non Südamerikanische Länder Ja
84%
Non Asiatische Länder Ja
84%
Non Ozeanische Länder Nein
84%
Non Ozeanische Länder Nein
84%
Non Afrikanische Länder Ja
83%
Non Asiatische Länder Nein
83%
Non Asiatische Länder Ja
83%
Non Ozeanische Länder Ja
83%
Afrikanische Länder Ja
82%
Afrikanische Länder Ja
82%
Nordamerikanische Länder Ja
82%
Non Südamerikanische Länder Ja
82%
Asiatische Länder Ja
82%
Ozeanische Länder Nein
82%
Ozeanische Länder Nein
82%
Non Ozeanische Länder Ja
82%
Non Ozeanische Länder Ja
82%
Non Südamerikanische Länder Nein
81%
Asiatische Länder Ja
81%
Asiatische Länder Nein
81%
Asiatische Länder Ja
81%
Non Europäische Länder Ja
80%
Non Ozeanische Länder Ja
80%
Nordamerikanische Länder Ja
78%
Südamerikanische Länder Ja
78%
Ozeanische Länder Ja
78%
Ozeanische Länder Ja
78%
Non Ozeanische Länder Nein
78%
Non Ozeanische Länder Ja
78%
Non Nordamerikanische Länder Nein
76%
Südamerikanische Länder Nein
76%
Südamerikanische Länder Ja
76%
Non Afrikanische Länder Ja
75%
Afrikanische Länder Ja
74%
Non Asiatische Länder Ja
74%
Südamerikanische Länder Ja
70%
Non Asiatische Länder Nein
70%
Ozeanische Länder Ja
70%
Non Ozeanische Länder Nein
69%
Nordamerikanische Länder Ja
68%
Asiatische Länder Ja
67%
Asiatische Länder Nein
66%
Asiatische Länder Ja
66%
Ozeanische Länder Nein
65%
Non Asiatische Länder Nein
64%
Ozeanische Länder Ja
63%
Non Afrikanische Länder Ja
62%
Ozeanische Länder Nein
62%
Südamerikanische Länder Ja
60%
Ozeanische Länder Ja
58%
Non Asiatische Länder Ja
56%
Non Afrikanische Länder Nein
54%
Non Asiatische Länder Ja
40%
Non Asiatische Länder Nein
25%
Keine übereinstimmenden Quizze gefunden
Verteilung der Resultate
Anzahl Personen mit jedem Resultat
Perzentil nach korrekt beantworteten Fragen
Ihre Resultats-Entwicklung
Sie haben dieses Quiz noch nicht gespielt